书目信息 |
| 题名: |
烈焰冰心
|
|
| 作者: | 韩春华 著 | |
| 分册: | ||
| 出版信息: | 哈尔滨 黑龙江人民出版社 2017 |
|
| 页数: | 208页 | |
| 开本: | 24cm | |
| 丛书名: | ||
| 单 册: | ||
| 中图分类: | K825.19=76 , I253.2 | |
| 科图分类: | ||
| 主题词: | 消防部队--军人--生平事迹--中国--现代 , 报告文学--中国--当代 | |
| 电子资源: | ||
| ISBN: | 978-7-207-11195-1 | |
| 000 | 01016nam0 2200265 450 | |
| 001 | 012001001010 | |
| 005 | 20140920091302.0 | |
| 010 | @a978-7-207-11195-1@dCNY38.00 | |
| 100 | @a20180217d2017 em y0chiy50 ea | |
| 101 | 0 | @achi |
| 102 | @aCN@b230000 | |
| 105 | @ay z 000zy | |
| 106 | @ar | |
| 200 | 1 | @a烈焰冰心@9Lie Yan Bing Xin@e谨以此书献给可歌可泣的消防官兵@f韩春华著 |
| 210 | @a哈尔滨@c黑龙江人民出版社@d2017 | |
| 215 | @a208页@d24cm | |
| 330 | @a本书讲述了哈尔滨市太平消防中队的故事,从一个消防中队的指导员与一名残疾人开始,逐步发展到一个消防中队集体与一名残疾人、一个消防官兵群体与一名残疾人乃至他的妻子、儿子、孙子的故事。 | |
| 517 | 1 | @a谨以此书献给可歌可泣的消防官兵@9Jin Yi Ci Shu Xian Gei Ke Ge Ke Qi De Xiao Fang Guan Bing |
| 606 | 0 | @a消防部队@x军人@x生平事迹@y中国@z现代 |
| 606 | 0 | @a报告文学@y中国@z当代 |
| 690 | @aK825.19=76@v5 | |
| 690 | @aI253.2@v5 | |
| 701 | 0 | @a韩春华@9Han Chun Hua@f(1954~)@4著 |
| 801 | 0 | @aCN@b上海新华@c20180901 |
| 905 | @b1155731-35@dK825.19=76@e1140@f5 | |
| 烈焰冰心:谨以此书献给可歌可泣的消防官兵/韩春华著.-哈尔滨:黑龙江人民出版社,2017 |
| 208页;24cm |
| ISBN 978-7-207-11195-1:CNY38.00 |
| 本书讲述了哈尔滨市太平消防中队的故事,从一个消防中队的指导员与一名残疾人开始,逐步发展到一个消防中队集体与一名残疾人、一个消防官兵群体与一名残疾人乃至他的妻子、儿子、孙子的故事。 |
| ● |
| 相关链接 |
|
|
|
|
正题名:烈焰冰心
索取号:K825.19=76/1140
 
预约/预借
| 序号 | 登录号 | 条形码 | 馆藏地/架位号 | 状态 | 备注 |
| 1 | 1155731 | 211557313 | 第二样本阅览室/ [索取号:K825.19=76/1140] | 在馆 | |
| 2 | 1155732 | 211557322 | 密集书库-史法系/ [索取号:K825.19=76/1140] | 在馆 | |
| 3 | 1155733 | 211557331 | 第二借阅区/ [索取号:K825.19=76/1140] | 在馆 | |
| 4 | 1155734 | 211557340 | 第二借阅区/ [索取号:K825.19=76/1140] | 在馆 | |
| 5 | 1155735 | 211557359 | 第二借阅区/ [索取号:K825.19=76/1140] | 在馆 |